Cities With One Million People by Letter - X - Statistics

General Stats
  • This quiz has been taken 672 times
  • The average score is 3 of 8
Answers on the Map
Answers color-coded by a green-red scale on the quiz's map according to % correct below.
 
Answer Stats
City % Correct
Xi'an
98%
Xiamen
89%
Xuzhou
39%
Xining
24%
Xinxiang
20%
Xiangyang
15%
Xingtai
14%
Xiangtan
12%
No matching quizzes found
Score Distribution
Percent of People with Each Score
Percentile by Number Answered
Your Score History
You have not taken this quiz